000 00222 a2200097 4500
001 38628
100 _aQazi Abul Sattar
245 _aKhalid Bin Waleed
260 _aLahore
_bWaheed Book Cent
_c1998
090 _c24496
_d24496
942 _aNUST-CAE
_cM
_c16109
999 _c273701
_d273701